Dia maravilhoso, em que se manifestam as virtudes do mais insigne patriarca S. Joseph, distincto em duas partes, ou dous sermo[n]es, hum de manhã, outro de tarde, prègados em a Igreja de N.S. da Graça da Villa de Setuval, estando o santissimo sacramento exposto, pelo R. P. M. Fr. Gabriel da Purificac.am,... segunda vez visitador géral da sua religiaõ

Detalles Bibliográficos
Autor principal: Gabriel de la Purificación
Formato: Libro
Lenguaje:Undetermined
Portuguese
Publicado: Lisboa : na officina de Manoel Lopes Fermayra, 1693.
Materias:
Colección:Banco de datos
Acervo:Biblioteca Palafoxiana. Colección bibliográfica
Descripción Física:32 p. ; 4°
Tema general:Homilética
Notas:Número de localización: 15446-C
LEADER 00888nam a2200181Ia 4500
008 150723s9999 xx 000 0 und d
041 0 |a por 
050 0 |a PAFX BV4207 L5 
100 1 |a Gabriel de la Purificación 
245 1 0 |a Dia maravilhoso, em que se manifestam as virtudes do mais insigne patriarca S. Joseph, distincto em duas partes, ou dous sermo[n]es, hum de manhã, outro de tarde, prègados em a Igreja de N.S. da Graça da Villa de Setuval, estando o santissimo sacramento exposto, pelo R. P. M. Fr. Gabriel da Purificac.am,... segunda vez visitador géral da sua religiaõ 
260 |a Lisboa : na officina de Manoel Lopes Fermayra, 1693. 
300 |a 32 p. ; 4° 
500 |a Número de localización: 15446-C 
501 |a Encuadernado con 27 obras 
650 1 0 |a Homilética 
942 |c PALALIB 
943 |g Biblioteca Palafoxiana. Colección bibliográfica 
999 |c 1053510  |d 1053510